logo

Bir Sreshtho Munshi Abdur Rouf Library
Jhenaidah Cadet College

The Wizard of Oz / (Record no. 1687)

MARC details
000 -LEADER
fixed length control field 00665nam a2200241 a 4500
001 - CONTROL NUMBER
JCCL Control Number 1687
003 - CONTROL NUMBER IDENTIFIER
JCCL marc code BD-JhCC
005 - DATE AND TIME OF LATEST TRANSACTION
control field 20191212134008.0
008 - FIXED-LENGTH DATA ELEMENTS--GENERAL INFORMATION
fixed length control field 910710s1991 enka j 000 1 eng d
020 ## - INTERNATIONAL STANDARD BOOK NUMBER
International Standard Book Number 0749800577
035 ## - SYSTEM CONTROL NUMBER
system control number (BD-JhCC)1687
040 ## - CATALOGING SOURCE
Original cataloging agency BD-JhCC
Modifying agency BD-JhCC
041 ## - LANGUAGE CODE
Language code of Book eng
082 ## - DEWEY DECIMAL CLASSIFICATION NUMBER
Classification number 813.52
DDC Edition number 20
Author mark and Year BAU 2005
100 1# - MAIN ENTRY--PERSONAL NAME
Personal name Baum, L. Frank
Fuller form of name (Lyman Frank),
Dates associated with a name 1856-1919.
245 14 - TITLE STATEMENT
Title The Wizard of Oz /
Statement of responsibility, etc Baum, L. Frank
260 ## - PUBLICATION, DISTRIBUTION, ETC. (IMPRINT)
Place of publication, distribution, etc Delhi :
Name of publisher, distributor, etc Dhingra Publishing House,
Date of publication, distribution, etc 2005.
300 ## - PHYSICAL DESCRIPTION
Pagination 108 p., [8] p. of plates :
Other physical details ill.
Dimensions 21 cm
490 0# - SERIES STATEMENT
Series statement Classic library
650 ## - SUBJECT ADDED ENTRY--TOPICAL TERM
Topical term or geographic name as entry element Fantacy
942 ## - ADDED ENTRY ELEMENTS (KOHA)
Source of classification or shelving scheme Dewey Decimal Classification
Koha item type Books
Koha issues (borrowed), all copies 4
Holdings
Source of classification or shelving scheme Damaged status Not for loan Home library Current library Shelving location Date of accession Source of acquisition Total Checkouts Full call number Barcode Date last seen Date checked out Copy number Koha item type
Dewey Decimal Classification     JCC Rouf Library JCC Rouf Library General Stacks 10/23/2017 Purchase 3 813.52 BAU 2005 3035 09/20/2023 09/18/2023 C-1 Books

JCC Library | Contacts | JCC Home

Last Update on 23 September 2017
Copyright @ 2017-2020 JCC Rouf Library
Rouf Library, Jhenidah Cadet College (JCC), Bangladesh